[Event "SVK-chT2C 1920"]
[Site "Slovakia"]
[Date "2019.11.16"]
[Round "3.2"]
[White "Zvarik, Martin"]
[Black "Plachetka, Jan"]
[Result "1/2-1/2"]
[WhiteElo "2253"]
[BlackElo "2302"]
[PlyCount "39"]
[EventDate "2019.10.26"]
[EventType "team-tourn"]
[EventRounds "11"]
[EventCountry "SVK"]
[SourceTitle "CBM 193 Extra"]
[Source "ChessBase"]
[SourceDate "2020.01.31"]
[SourceVersion "1"]
[SourceVersionDate "2020.01.31"]
[SourceQuality "1"]
[WhiteTeam "Zilina Mladost II"]
[BlackTeam "Liptov Chess School III"]
[WhiteTeamCountry "SVK"]
[BlackTeamCountry "SVK"]

1. Nf3 d5 2. g3 Nf6 3. Bg2 c6 4. 0-0 Bg4 5. d3 Nbd7 6. c4 e6 7. cxd5 exd5 8. b3 Bc5 9. Bb2 0-0 10. Nc3 Re8 11. Qc2 Qe7 12. Rfe1 Rad8 13. a3 Bh5 14. e3 a5 15. Qd2 Bxf3 16. Bxf3 Ne5 17. Bg2 d4 18. exd4 Bxd4 19. Re2 Qd6 20. Rae1 1/2-1/2

[Event "SVK-chT1W 1920"]
[Site "Slovakia"]
[Date "2019.11.10"]
[Round "4.3"]
[White "Plachetka, Jan"]
[Black "Urban, Gabor"]
[Result "1-0"]
[WhiteElo "2298"]
[BlackElo "1987"]
[PlyCount "55"]
[EventDate "2019.10.12"]
[EventType "team-tourn"]
[EventRounds "11"]
[EventCountry "SVK"]
[SourceTitle "CBM 193 Extra"]
[Source "ChessBase"]
[SourceDate "2020.01.31"]
[SourceVersion "1"]
[SourceVersionDate "2020.01.31"]
[SourceQuality "1"]
[WhiteTeam "Osuske"]
[BlackTeam "Batorove Kosihy"]
[WhiteTeamCountry "SVK"]
[BlackTeamCountry "SVK"]

1. d4 c6 2. e4 d5 3. exd5 cxd5 4. c4 Nf6 5. Nc3 Nc6 6. Nf3 e6 7. a3 a6 8. c5 Be7 9. Bd3 0-0 10. 0-0 b5 11. Re1 Nd7 12. Bf4 Re8 13. Bc2 Nf8 14. Bg3 g5 15. Ne5 Nxe5 16. Bxe5 f6 17. Bg3 Ng6 18. Qh5 Kg7 19. f4 f5 20. fxg5 Bxg5 21. Bxf5 Bf6 22. Bxg6 hxg6 23. Qd1 Bd7 24. Qd3 Rc8 25. Rf1 Rh8 26. Rxf6 Kxf6 27. Rf1+ Kg5 28. Bf4+ 1-0